00439nam a2200121Ia 4500008004100000020002200041082001200063100001800075245005000093942004900143999001900192952010600211220713s9999 xx 000 0 und d a978-0-141-34683-0 aEJF RIO aRiordan, Rick 0aPercy Jackson and the battle of the Labyrinth cBKw561xJohn Tresiddery561zJohn Tresidder c711091d711090 00104070aGERALbGERALd2022-07-13g120.00l0p3 390900052702 1r2022-07-13w2022-07-13yBKz291/18